000 00308nam a22001337a 4500
008 170216b xxu||||| |||| 00| 0 eng d
020 _a9781582120508
041 _aeng
080 _214TH
_a615
100 _a5
101 _aSHF
245 _aHANDBOOK OF NONPRESCRIPTION DRUGS
_cBERARDI, R.R
942 _2udc
_cBK
999 _c5728
_d5728